[Event "Moscow"]
[Site "Moscow"]
[Date "1975.??.??"]
[Round "?"]
[White "Forintos, Gyozo V"]
[Black "Lengyel, Levente"]
[Result "1/2-1/2"]
[WhiteElo "2490"]
[BlackElo "2410"]

1.d4 d5 2.c4 e6 3.Nc3 Nf6 4.Bg5 Be7 5.e3 O-O 6.Nf3 Nbd7 7.Rc1 c6 8.Bd3 dxc4
9.Bxc4 Nd5 10.Bxe7 Qxe7 11.O-O Nxc3 12.Rxc3 e5 13.dxe5 Nxe5 14.Nxe5 Qxe5
15.Qb3 Qe7 16.Rd1 Bf5 17.Bd3 Be6 18.Qc2  1/2-1/2

[Event "Moscow"]
[Site "Moscow"]
[Date "1975.??.??"]
[Round "?"]
[White "Geller, Efim P"]
[Black "Petrosian, Tigran V"]
[Result "1/2-1/2"]
[WhiteElo "2600"]
[BlackElo "2645"]

1.d4 Nf6 2.c4 e6 3.Nf3 b6 4.g3 Bb7 5.Bg2 Be7 6.O-O O-O 7.Nc3 Ne4 8.Nxe4 Bxe4
9.Ne1 Bxg2 10.Nxg2 d5 11.Qa4 Qd7 12.Qxd7 Nxd7 13.cxd5  1/2-1/2

[Event "Moscow"]
[Site "Moscow"]
[Date "1975.??.??"]
[Round "?"]
[White "Beliavsky, Alexander G"]
[Black "Hort, Vlastimil"]
[Result "1-0"]
[WhiteElo "2500"]
[BlackElo "2600"]

1.e4 g6 2.d4 Bg7 3.Nc3 d6 4.Be3 c6 5.Qd2 b5 6.f3 Nf6 7.Bh6 Bxh6 8.Qxh6 Qa5
9.Bd3 Nbd7 10.Nh3 b4 11.Ne2 c5 12.dxc5 Nxc5 13.O-O Bxh3 14.Qxh3 O-O 15.Qh6 Rfc8
16.Qd2 Qb6 17.Kh1 Rc7 18.b3 Rac8 19.Rac1 a5 20.c4 a4 21.Bc2 axb3 22.axb3 Ra7
23.Nd4 Ra2 24.Rfd1 Rca8 25.Qg5 Qc7 26.Nb5 Qb8 27.h4 Kg7 28.Nd4 Kh8 29.h5 Qf8
30.hxg6 fxg6 31.e5 dxe5 32.Qxe5 Nd7 33.Qe3 e5 34.Nb5 Qc5 35.Qh6 Qf2 36.Rd2 Qg3
37.Nd6 Ra1 38.Bb1  1-0

[Event "Moscow"]
[Site "Moscow"]
[Date "1975.??.??"]
[Round "?"]
[White "Tal, Mihail"]
[Black "Petrosian, Tigran V"]
[Result "1/2-1/2"]
[WhiteElo "2645"]
[BlackElo "2645"]

1.e4 e5 2.Nf3 Nc6 3.Bb5 a6 4.Ba4 Nf6 5.O-O Be7 6.Re1 b5 7.Bb3 d6 8.c3 O-O
9.h3 Nb8 10.d3 Nbd7 11.Nbd2 Bb7 12.Nf1 Nc5 13.Bc2 Re8 14.Ng3 Bf8 15.b4 Ncd7
16.Bb3 h6 17.Nh4  1/2-1/2